Enoturismo: una herramienta de marketing

Uloženo v:
Podrobná bibliografie
Hlavní autor: Rius García, Xavier (Autor)
Médium: Kniha
Jazyk:španělština
Vydáno: Barcelona Agromillora 2008
Témata:
Tagy: Přidat tag
Žádné tagy, Buďte první, kdo vytvoří štítek k tomuto záznamu!

MARC

LEADER 00000nam a2200000 a 4500
001 UCG0781
003 CL-VaPUC
008 100408e20080000SP |||||||||||||||||spa|d
020 |a 9780646491837 
082 0 4 |a 338.4791  |b RIU  |2 21 
100 0 |a Rius García, Xavier  |e author  |9 548327 
245 1 0 |a Enoturismo: una herramienta de marketing 
300 |a 91 p 
942 |c BK 
945 |d 20100408 00:00:00  |a rbrito 
260 |a Barcelona  |b Agromillora  |c 2008 
650 7 |a ENOTURISMO  |2 CL-VaPUC  |9 548328 
650 0 |a Turismo  |9 308920 
650 0 |a Marketing  |9 259324 
650 0 |a Exposiciones  |9 265884 
650 0 |a Desarrollo turístico   |9 525699 
583 |a last modification  |c 20130328 11:04:49  |k Rodrigo Vera 
999 |c 340304  |d 340302 
952 |0 0  |1 0  |4 0  |6 338_479100000000000_RIU_2008  |7 0  |8 A  |9 434899  |a BIBING  |b BIBING  |d 2019-11-22  |i 465871K  |o 338.4791 RIU 2008  |p 465871K  |r 2025-01-20  |w 2019-11-22  |y BK  |k GEO